000 01349nam a2200421 aa4500
001 21311
003 CZ PrNK
005 20260226122726.0
007 ta
008 080215s2008 xr a b 000 j slo
015 _acnb001791907
020 _a9788025207840
_q(sv. 1 ;
_qváz.)
020 _a9788025207857
_q(sv. 2 ;
_qváz.)
035 _a(OCoLC)228670397
040 _aOLA001
_bcze
_dABA001
041 1 _aslo
_hpol
_heng
072 7 _a821.111-3
_xAnglická próza, anglicky psaná
_2Konspekt
072 7 _a821-93
_xLiteratura pro děti a mládež (beletrie)
_2Konspekt
080 _a821-93
_2MRF
080 _a821.111-32
_2MRF
080 _a(0:82-32)
_2MRF
100 1 _aCunliffe, John A.,
_d1933-
_4aut
245 1 0 _aPríhody poštára Pata /
_c[John Cunliffe ; preklad z poľského jazyka Žofia Dzuriková]
250 _a1. vyd.
260 _aV Prahe :
_bEgmont,
_c[2008]
300 _a2 sv. (70; 71 s.) :
_bil. ;
_c21 cm
490 1 _aPostman Pat
500 _aPřeloženo z polského překladu anglického originálu
500 _aNázev z obálky
655 7 _aanglické příběhy
_2czenas
655 7 _apublikace pro děti
_2czenas
655 9 _aEnglish stories
_2eczenas
655 9 _achildren's literature
_2eczenas
830 0 _aPostman Pat
901 _f1. vyd.
_o20080423
910 _aABA001
942 _2ddc
_cKLDE
_n0
999 _c21311
_d21311